000 00332nam a22001577a 4500
003 SGT
020 _a9789339204457
082 _a174.962
_bMAR
100 _aMARTIN,MIKE.W
245 _aETHICS IN ENGINEERING
250 _a4TH
260 _aNEW DELHI
_bTMH
_c2005
300 _a340
650 _aENGINEERING ETHICS
942 _2ddc
_cBK
999 _c8215
_d8215